| 000 | 00702nam a2200289Ia 4500 | ||
|---|---|---|---|
| 005 | 20260324125352.0 | ||
| 008 | 008 260324s9999 xx 000 0 eng d | ||
| 020 | _a9781315705620 | ||
| 037 | _aEBOOK | ||
| 040 | _aCRL | ||
| 040 | _beng | ||
| 040 | _cCRL | ||
| 041 | _2eng | ||
| 041 | _aeng | ||
| 084 | _qCRL | ||
| 100 |
_aMary Ellen Snodgrass _91162157 |
||
| 245 | 0 | _aCivil Disobedience | |
| 245 | 3 | _bAn Encyclopedic History of Dissidence in the United States | |
| 260 | _bTaylor and Francis | ||
| 260 | _c2009 | ||
| 365 | _a | ||
| 365 | _b340 | ||
| 856 | _uhttp://www.taylorfrancis.com/books/9781315705620 | ||
| 942 | _cEBOOK | ||
| 999 |
_c1772895 _d1772895 |
||